|
|
|
|
| LEADER |
00000cam a2200000 7i4500 |
| 001 |
0000089621 |
| 005 |
20220714093000.0 |
| 008 |
160503s2002 enk eng |
| 020 |
|
|
|a 185233471
|
| 020 |
|
|
|a 9781852334710
|
| 050 |
0 |
0 |
|a LB2395.7
|b .N48 2002
|
| 090 |
0 |
0 |
|a LB2395.7
|b .N48 2002
|
| 245 |
1 |
0 |
|a Networked learning :
|b perspective and issues
|c Christine Steeples and Christopher Jones
|
| 260 |
|
|
|a Surrey, England :
|b Springer - Verlag London Limited ,
|c c2002
|
| 300 |
|
|
|a xvii, 348 p. :
|b ill. ;
|c 23 cm.
|
| 504 |
|
|
|a Includes bibliographical references and index
|
| 505 |
0 |
|
|a 1. The context for networked learning -- 2. Studies of networked learning
|
| 650 |
|
0 |
|a Computer-assisted instruction
|
| 650 |
|
0 |
|a Distance education
|
| 650 |
|
0 |
|a Education, Higher
|x Computer network resources
|
| 700 |
1 |
|
|a Jones, Christopher ,
|d 1951- ,
|e author
|
| 700 |
1 |
|
|a Steeples, Christine ,
|d 1954- ,
|e author
|
| 999 |
|
|
|a 1000166456
|b Book
|c OPEN SHELF (30 DAYS)
|e Gong Badak Campus
|